Bhāshā vijñāna kośa : (Record no. 59210)

MARC details
000 -LEADER
fixed length control field 00714cam a2200205 a 4500
001 - CONTROL NUMBER
control field sa 64005606
003 - CONTROL NUMBER IDENTIFIER
control field DLC
005 - DATE AND TIME OF LATEST TRANSACTION
control field 20260227112033.0
008 - FIXED-LENGTH DATA ELEMENTS--GENERAL INFORMATION
fixed length control field 970925s1964 ii a 000 0 hin
010 ## - LIBRARY OF CONGRESS CONTROL NUMBER
LC control number sa 64005606
040 ## - CATALOGING SOURCE
Original cataloging agency DLC
Transcribing agency DLC
Modifying agency DLC
050 00 - LIBRARY OF CONGRESS CALL NUMBER
Classification number P29
Item number .T5
100 1# - MAIN ENTRY--PERSONAL NAME
Personal name Tivārī, Bholānātha,
Dates associated with a name 1923-1989.
245 10 - TITLE STATEMENT
Title Bhāshā vijñāna kośa :
Remainder of title pariśishṭa rūpameṃ bhāshā vijñānakī Aṅgrejī Hindī pāribhashika śabdāvalīke sātha /
Statement of responsibility, etc. [lekhaka] Bholānātha Tivārī.
250 ## - EDITION STATEMENT
Edition statement 1. saṃskaraṇa.
260 ## - PUBLICATION, DISTRIBUTION, ETC.
Place of publication, distribution, etc. Vārāṇasī :
Name of publisher, distributor, etc. Jñānamaṇḍala,
Date of publication, distribution, etc. [1964]
300 ## - PHYSICAL DESCRIPTION
Extent 807 p. :
Other physical details illus. ;
Dimensions 26 cm.
546 ## - LANGUAGE NOTE
Language note In Hindi.
650 #0 - SUBJECT ADDED ENTRY--TOPICAL TERM
Topical term or geographic name entry element Language and languages
General subdivision Dictionaries.

No items available.

Powered by Koha